banner-ar

اختصار علوم الحديث او الباعث الحثسث الى نعرفة علوم الحديث (Record no. 59121)

MARC details
000 -الفاتح
حقل البيانات ثابتة الطول 00405nam a2200133Ia 4500
008 - عناصر البيانات ثابتة الطول - معلومات عامة
حقل البيانات ثابتة الطول 140319s9999 xx 000 0 ara d
040 ## - مصدر الفهرسة
وكالة الفهرسة الأصلية GCL /
وكالة النسخ GCL
082 04 - رقم تصنيف ديوى العشرى
رقم التصنيف 231
رقم المادة ا ا
245 10 - بيان العنوان
العنوان اختصار علوم الحديث او الباعث الحثسث الى نعرفة علوم الحديث
260 ## - PUBLICATION, DISTRIBUTION, ETC. (IMPRINT)
تاريخ النشر أو التوزيع 1353
300 ## - الوصف المادى
التعداد 95
490 ## - بيان السلسلة
عنوان السلسلة
260 ## - PUBLICATION, DISTRIBUTION, ETC. (IMPRINT)
-- [S.N] :
-- المطبعة الماجرية ،
Holdings
حالة التراجع حالة الفقد حالة تلف ليس للاعارة المكان المؤقت الموقع الحالى تاريخ الاكتساب اجمالي اﻻعارات رقم الطلب الباركود تاريخ اخر مشاهدة تاريخ تفعيل السعر نوع وعاء كوها
        مكتبة القاهرة الكبرى مكتبة القاهرة الكبرى 03/26/2014   231\ا ا 153352 03/26/2014 03/26/2014 كتاب

Powered By

EGPV